zpět

Detail výsledku týmu

Hradební Hasičárna, Prostějov

Datum a čas kvízu

24 Celkem bodů Celkový počet nahraných bodů na tomto kvízu bez doplňovacích otázek.
3. Pořadí na kvízu Konečné umístění týmu na tomto kvízu.

Zaznamenané odpovědi

# Otázka Odpověď Body Výsledky
1. Celkem 66 firem minulý týden v... manželství pro všechny 0
2. Ve kterém evropském hlavním mě... v Kyjevě 0
3. Jak se nazývá nový pořad TV No... Ztracená rodina 0
4. Česká národní banka minulý týd... posílat peníze na telefonní číslo 1
5. Ve středu byl vyřazen z letošn... Karviná 0
6. Podle některých statistik obýv... zmije 0
7. Mezi člověku velmi nebezpečná... A 1
8. Sloni afričtí každoročně zabij... Zoo Dvůr Králové a Zoo Zlín (Lešná) 1
9. Nebezpečným zvířetem, s nímž s... medvěd kodiak 1
10. Jedním z nejnebezpečnějších ve... 4 prsty 0